| 000 | 00393nam a2200145Ia 4500 | ||
|---|---|---|---|
| 008 | 230312s9999||||xx |||||||||||||| ||und|| | ||
| 020 | _a0-8031-0937-7 | ||
| 082 |
_a620.1923 _bKES-I |
||
| 100 | _aKessler | ||
| 245 | 0 | _aInstrumented Impact Testing of Plastics and Composite Materials | |
| 260 |
_bASTM _aUSA _c1987 |
||
| 300 | _a382 | ||
| 650 |
_aEngineering _vMechanical/Physics |
||
| 942 | _cBK | ||
| 999 |
_c14028 _d14028 |
||